Rocky Movies By Hint - Statistics

General Stats
  • This quiz has been taken 206 times
  • The average score is 5 of 6
Answer Stats
Hint Answer % Correct
Russia Rocky IV
92%
Rematch Rocky II
87%
Street Fight Rocky V
83%
Hulk Hogan Rocky III
80%
Meatlocker Rocky I
75%
Video Game Rocky Balboa
68%
No matching quizzes found
Score Distribution
Percent of People with Each Score
Percentile by Number Answered
Your Score History
You have not taken this quiz